|
|
|
|
| LEADER |
01169nam a2200313 a 4500 |
| 001 |
c000044516 |
| 003 |
CARM |
| 005 |
00000000000000.0 |
| 008 |
s1979 caub b 00110 eng |
| 019 |
1 |
|
|a 1503672
|z 23050177
|5 LACONCORD2021
|
| 020 |
|
|
|a 0520037685
|
| 035 |
|
|
|a (OCoLC)5424611
|5 LACONCORD2021
|
| 040 |
|
|
|d NNCU
|
| 043 |
|
|
|a a-ja---
|
| 050 |
0 |
0 |
|a JS7385.F79
|b A65
|
| 100 |
1 |
|
|a Allinson, Gary D.
|
| 245 |
1 |
0 |
|a Suburban Tokyo :
|b a comparative study in politics and social change /
|c Gary D. Allinson.
|
| 260 |
|
|
|a Berkeley :
|b University of California Press,
|c c1979.
|
| 300 |
|
|
|a xv, 258 p. :
|b maps ;
|c 24 cm.
|
| 500 |
|
|
|a Includes index.
|
| 504 |
|
|
|a Bibliography: p. 241-253.
|
| 650 |
|
0 |
|a Suburbs
|z Japan
|z Tokyo.
|
| 651 |
|
0 |
|a Fuchu-shi (Tokyo, Japan)
|x Politics and government.
|
| 651 |
|
0 |
|a Musashino-shi (Japan)
|x Politics and government.
|
| 852 |
8 |
|
|b CARM
|h A2:AF08D0
|i C01310
|p 0029808
|f BK
|
| 082 |
0 |
4 |
|a 301.36/4/0952135
|
| 082 |
0 |
4 |
|a 307.76/0952/135
|2 19
|
| 999 |
f |
f |
|i 49aa10fd-06ff-5d9c-a01d-ab79e74d0a15
|s 7e899c4a-ec29-5565-92fa-61dda2c9b5ba
|
| 952 |
f |
f |
|p Can circulate
|a CAVAL
|b CAVAL
|c CAVAL
|d CARM 1 Store
|e C01310
|f A2:AF08D0
|h Other scheme
|i book
|m 0029808
|